000 00326nam a2200133Ia 4500
005 20251222155154.0
008 251222s9999||||xx |||||||||||||| ||spa||
082 _aETI.90
100 _aGAFO, Javier.
245 0 _aProblemas éticos de la manipulación genética
250 _a2da. ed.
264 _bSan Pablo
942 _cLIB
999 _c39667
_d39667